000 00897cam a22002651 4500
001 2913
005 20250502085505.0
020 _a9780545215787
040 _aDLC
_cTxViHU
_dDLC
_beng
050 0 0 _aPZ7.B7633
082 _a813.54
100 1 _aBridwell, Norman
245 1 0 _aClifford, the big red dog/
_cStory and pictures by Norman Bridwell.
250 _aThis edition first printing, May 2010
260 _aNew York :
_bScholastic ,
_c1963
300 _a29 unnumbered pages :
_bcolor illustrations ;
_c21 cm.
490 _a Clifford the Big Red Dog (1)
505 _aG
520 _aEmily Elizabeth describes the activities she enjoys with her very big, very red dog and how they take care of each other.
521 _a360
_bLexile
521 _aG
_bRaz-Plus
650 _aclifford
_vfiction
906 _a7
_bcbc
_coclcrpl
_du
_encip
_f19
_gy-gencatlg
942 _2ddc
_cBK
_n0
999 _c2913
_d2913